header

Editorials and the power of media (Record no. 111272)

MARC details
000 -LEADER
fixed length control field 01627nam a2200373Ia 4500
082 04 - DEWEY DECIMAL CLASSIFICATION NUMBER
Classification number 302.230944
100 1# - MAIN ENTRY--AUTHOR NAME
Personal name Le, Elisabeth.
245 10 - TITLE STATEMENT
Title Editorials and the power of media
260 ## - PUBLICATION, DISTRIBUTION, ETC. (IMPRINT)
Place of publication Amsterdam ;
-- Philadelphia :
Name of publisher John Benjamins Pub. Co.,
Year of publication c2010.
300 ## - PHYSICAL DESCRIPTION
Number of Pages xiv, 238 p. :
Other physical details ill.
490 1# - SERIES STATEMENT
Series statement Discourse approaches to politics, society and culture ;
650 #0 - SUBJECT ADDED ENTRY--TOPICAL TERM
Topical Term Journalism
Topical Term Press and politics
Topical Term Editorials
Topical Term Discourse analysis
856 40 - ELECTRONIC LOCATION AND ACCESS
Uniform Resource Identifier http://site.ebrary.com/lib/rucke/Doc?id=10364082

No items available.

© 2026 Rongo University
Contact us: librarian | system librarian | Rongo university